[Event "Asker CC-ch Class A"]
[Site "Asker"]
[Date "2017.03.13"]
[Round "6"]
[White "Larsen, Leif Sigurd"]
[Black "Enersen, Eirik S"]
[Result "0-1"]
[WhiteElo "1589"]
[BlackElo "1691"]
[PlyCount "102"]
[EventDate "2017.01.09"]
[EventType "swiss"]
[EventRounds "9"]
[EventCountry "NOR"]
[SourceTitle "EXT 2024"]
[Source "ChessBase"]
[SourceDate "2023.10.10"]
[SourceVersion "1"]
[SourceVersionDate "2023.10.10"]
[SourceQuality "1"]

1. d4 Nf6 2. Bg5 d5 3. Nd2 Bf5 4. c4 c6 5. Ngf3 Nbd7 6. e3 Ne4 7. Nxe4 Bxe4 8. Bd3 Qa5+ 9. Qd2 Qxd2+ 10. Kxd2 Bxd3 11. Kxd3 e6 12. h4 Bd6 13. c5 Bc7 14. e4 h6 15. Bd2 dxe4+ 16. Kxe4 Nf6+ 17. Kd3 Nd5 18. Rae1 Nf4+ 19. Kc4 0-0-0 20. g3 Nd5 21. Ne5 Bxe5 22. Rxe5 Rd7 23. g4 Rhd8 24. g5 hxg5 25. hxg5 Nf4 26. Be3 Ng2 27. g6 f6 28. Rxe6 Nf4 29. Re4 Nxg6 30. Rg1 Nf8 31. Rh1 f5 32. Rf4 g6 33. Rh8 Ne6 34. Rxd8+ Rxd8 35. Rf3 f4 36. Rxf4 Nxf4 37. Bxf4 Rf8 38. Bg3 Rf5 39. Kd3 b6 40. b4 Kb7 41. Ke3 Ka6 42. Bd6 Kb5 43. f4 Ka4 44. Kd3 bxc5 45. Bxc5 Rxf4 46. Bxa7 Kxb4 47. Bc5+ Kb5 48. Ke3 Rf5 49. Ke4 Rxc5 50. a4+ Kxa4 51. dxc5 Kb5 0-1

[Event "Asker CC-ch Class A"]
[Site "Asker"]
[Date "2016.04.18"]
[Round "3"]
[White "Larsen, Leif Sigurd"]
[Black "Hole, Vegard"]
[Result "1-0"]
[WhiteElo "1262"]
[BlackElo "1429"]
[PlyCount "51"]
[EventDate "2016.01.11"]
[EventType "swiss"]
[EventRounds "9"]
[EventCountry "NOR"]
[SourceTitle "EXT 2024"]
[Source "ChessBase"]
[SourceDate "2023.10.10"]
[SourceVersion "1"]
[SourceVersionDate "2023.10.10"]
[SourceQuality "1"]

1. d4 Nf6 2. Nf3 g6 3. Bf4 Bg7 4. e3 d6 5. h3 Nbd7 6. Nc3 c5 7. Bb5 Qb6 8. Qd3 0-0 9. 0-0 a6 10. Bc4 Qa5 11. Nd5 Nxd5 12. Bxd5 cxd4 13. Qb3 dxe3 14. Bxe3 Rb8 15. Rfe1 Nf6 16. Bc4 Qc7 17. Bb6 Qd7 18. Rad1 Ne8 19. Ng5 Qf5 20. Nxf7 Rxf7 21. Rxe7 Nf6 22. Rxf7 Kh8 23. Rxd6 Bd7 24. Rdxd7 Nxd7 25. Rxf5 gxf5 26. Be6 1-0

[Event "Asker CC-ch Class A"]
[Site "Asker"]
[Date "2016.03.15"]
[Round "2"]
[White "Flatrud, Bjorn"]
[Black "Larsen, Leif Sigurd"]
[Result "0-1"]
[WhiteElo "870"]
[BlackElo "1262"]
[PlyCount "84"]
[EventDate "2016.01.11"]
[EventType "swiss"]
[EventRounds "9"]
[EventCountry "NOR"]
[SourceTitle "EXT 2024"]
[Source "ChessBase"]
[SourceDate "2023.10.10"]
[SourceVersion "1"]
[SourceVersionDate "2023.10.10"]
[SourceQuality "1"]

1. e4 e6 2. d4 d5 3. exd5 exd5 4. Nf3 Nf6 5. Bg5 Be7 6. Nc3 0-0 7. Bd3 Bg4 8. h3 Bh5 9. g4 Bg6 10. Ne5 Bxd3 11. Qxd3 Nbd7 12. Nxd7 Qxd7 13. 0-0-0 Ne4 14. Be3 Qe6 15. Nxe4 dxe4 16. Qb3 Qxb3 17. axb3 f5 18. gxf5 Rxf5 19. h4 Rh5 20. Rdg1 Re8 21. Rg4 Bf6 22. c3 Ra5 23. Kc2 Kf7 24. h5 Rf5 25. Rh3 Re6 26. c4 Ke7 27. d5 Ree5 28. Bxa7 b6 29. Rg2 Rxh5 30. Rxh5 Rxh5 31. c5 Rxd5 32. cxb6 Rc5+ 33. Kd2 cxb6 34. Bxb6 Rb5 35. Be3 Rxb3 36. Kc2 Rxb2+ 37. Kd1 Ke6 38. Rg3 Kf5 39. f3 exf3 40. Rxf3+ Ke4 41. Rf2 Kxe3 42. Rxb2 Bxb2 0-1

[Event "Asker CC-ch A"]
[Site "Asker"]
[Date "2015.04.27"]
[Round "8"]
[White "Larsen, Leif Sigurd"]
[Black "Nilsen, Jon"]
[Result "0-1"]
[WhiteElo "1226"]
[BlackElo "1244"]
[PlyCount "78"]
[EventDate "2015.02.23"]
[EventType "swiss"]
[EventRounds "9"]
[EventCountry "NOR"]
[SourceTitle "EXT 2023"]
[Source "ChessBase"]
[SourceDate "2022.10.05"]
[SourceVersion "1"]
[SourceVersionDate "2022.10.05"]
[SourceQuality "1"]

1. e4 e6 2. d4 d5 3. e5 c5 4. c3 Nc6 5. Nf3 Qb6 6. Qb3 Qc7 7. Bb5 Nge7 8. 0-0 c4 9. Qc2 Nf5 10. b3 a6 11. Bxc6+ Qxc6 12. bxc4 Qxc4 13. g4 Ne7 14. Nbd2 Qc7 15. Ba3 Ng6 16. Bxf8 Nxf8 17. c4 Ng6 18. Qa4+ Bd7 19. Qb4 a5 20. Qd6 Qc6 21. Rab1 dxc4 22. Rfc1 b5 23. Ng5 Nf4 24. Qxc6 Bxc6 25. Re1 0-0 26. Nge4 Rfd8 27. Nd6 Rab8 28. f3 c3 29. N2e4 Bd5 30. Nxc3 b4 31. Nxd5 Nxd5 32. Nc4 a4 33. Na5 Rdc8 34. Rec1 Nc3 35. Rb2 Ne2+ 36. Rxe2 Rxc1+ 37. Kf2 Rb5 38. Rb2 Rxa5 39. Rxb4 Ra8 0-1

[Event "Asker CC-ch"]
[Site "Asker"]
[Date "2014.02.24"]
[Round "4"]
[White "Larsen, Leif Sigurd"]
[Black "Erlendson, Audun"]
[Result "0-1"]
[WhiteElo "1242"]
[BlackElo "1260"]
[PlyCount "80"]
[EventDate "2014.01.13"]
[EventType "swiss"]
[EventRounds "9"]
[EventCountry "NOR"]
[SourceTitle "EXT 2017"]
[Source "ChessBase"]
[SourceDate "2016.10.25"]
[SourceVersion "1"]
[SourceVersionDate "2016.10.25"]
[SourceQuality "1"]

1. d4 f5 2. Bg5 d5 3. e3 a6 4. c4 Be6 5. Nc3 c6 6. c5 g6 7. Nge2 Bg7 8. Nf4 Bf7 9. Nd3 Nd7 10. Na4 Ngf6 11. f3 0-0 12. Qb3 Qc8 13. Ne5 Ra7 14. Nb6 Nxb6 15. Qxb6 Ra8 16. Be2 Nd7 17. Nxd7 Qxd7 18. h4 e5 19. dxe5 Bxe5 20. h5 Bg3+ 21. Kf1 Bc7 22. Qb4 Be5 23. f4 Bh8 24. Kf2 Rae8 25. Bh6 Re4 26. Qd2 Rfe8 27. Rh3 d4 28. Kg1 Rxe3 29. Rxe3 Rxe3 30. hxg6 hxg6 31. b3 d3 32. Re1 Qd4 33. Kf1 dxe2+ 34. Rxe2 Rxe2 35. Kxe2 Qb2 36. Kd1 Qxd2+ 37. Kxd2 Bf6 38. Kc2 Bd4 39. b4 Bxa2 40. Bg5 Bf2 0-1

[Event "Asker CC-ch"]
[Site "Asker"]
[Date "2014.01.13"]
[Round "1"]
[White "Larsen, Leif Sigurd"]
[Black "Soyland, Jan"]
[Result "1-0"]
[WhiteElo "1242"]
[BlackElo "1292"]
[PlyCount "86"]
[EventDate "2014.01.13"]
[EventType "swiss"]
[EventRounds "9"]
[EventCountry "NOR"]
[SourceTitle "EXT 2017"]
[Source "ChessBase"]
[SourceDate "2016.10.25"]
[SourceVersion "1"]
[SourceVersionDate "2016.10.25"]
[SourceQuality "1"]

1. d4 d5 2. Nf3 Nf6 3. Bf4 e6 4. e3 Bd6 5. Ne5 Bd7 6. Nd2 0-0 7. Bd3 Bc6 8. Qf3 Nfd7 9. Qh3 f5 10. Ndf3 Be7 11. g4 Nxe5 12. Nxe5 Bd7 13. gxf5 exf5 14. Rg1 Bf6 15. Nxd7 Nxd7 16. Bxf5 Nb6 17. Qxh7+ Kf7 18. Qg6+ Ke7 19. Bg5 Kd6 20. e4 dxe4 21. Bf4+ Ke7 22. Bg5 Qxd4 23. Qxg7+ Rf7 24. Bxf6+ Qxf6 25. Qxf6+ Rxf6 26. Bxe4 Re6 27. f3 Rh6 28. Rg7+ Kf6 29. Rxc7 Rxh2 30. 0-0-0 Rc8 31. Rxc8 Nxc8 32. Bxb7 Nb6 33. b3 Ke6 34. a4 Rh7 35. Be4 Rc7 36. Kb2 Nd7 37. b4 Nf6 38. Bd3 Nd5 39. Kb3 Rc3+ 40. Kb2 Rc7 41. b5 Nc3 42. Re1+ Kd6 43. Kb3 Nd5 1-0

[Event "Asker Aautumn-B"]
[Site "Asker"]
[Date "2013.11.18"]
[Round "8"]
[White "Roholdt, Njaal"]
[Black "Larsen, Leif Sigurd"]
[Result "0-1"]
[WhiteElo "1411"]
[BlackElo "1237"]
[PlyCount "84"]
[EventDate "2013.09.16"]
[EventType "swiss"]
[EventRounds "9"]
[EventCountry "NOR"]
[SourceTitle "EXT 2024"]
[Source "ChessBase"]
[SourceDate "2023.10.10"]
[SourceVersion "1"]
[SourceVersionDate "2023.10.10"]
[SourceQuality "1"]

1. e4 e5 2. Nf3 Nc6 3. Bb5 Nf6 4. 0-0 d6 5. Nc3 Bd7 6. a3 a6 7. Bc4 Bg4 8. h3 Bh5 9. Be2 Bxf3 10. Bxf3 Nd4 11. d3 c6 12. Bg5 Be7 13. Be3 Nxf3+ 14. Qxf3 0-0 15. Ne2 d5 16. Ng3 d4 17. Bd2 Ne8 18. Nf5 Bg5 19. Bb4 g6 20. Bxf8 gxf5 21. Bb4 fxe4 22. dxe4 a5 23. Be1 Nd6 24. Qg4 Kh8 25. b4 a4 26. Rd1 Nc4 27. Rd3 Qe7 28. Rg3 f6 29. h4 Bf4 30. Rh3 Rg8 31. Qe2 Qe6 32. Rf3 Rxg2+ 33. Kxg2 Qg4+ 34. Rg3 Qxe2 35. Rg1 Bxg3 36. Kxg3 Qxe4 37. Kh3 Qf3+ 38. Rg3 Qh1+ 39. Kg4 Qxe1 40. h5 Qxf2 41. h6 Qxg3+ 42. Kxg3 Nxa3 0-1

[Event "Asker Aautumn-B"]
[Site "Asker"]
[Date "2013.10.21"]
[Round "5"]
[White "Larsen, Leif Sigurd"]
[Black "Syvertsen, Finn"]
[Result "1/2-1/2"]
[WhiteElo "1237"]
[BlackElo "1252"]
[PlyCount "80"]
[EventDate "2013.09.16"]
[EventType "swiss"]
[EventRounds "9"]
[EventCountry "NOR"]
[SourceTitle "EXT 2024"]
[Source "ChessBase"]
[SourceDate "2023.10.10"]
[SourceVersion "1"]
[SourceVersionDate "2023.10.10"]
[SourceQuality "1"]

1. d4 d5 2. Nf3 c5 3. dxc5 e6 4. b4 b6 5. Qd3 bxc5 6. bxc5 Qa5+ 7. Nc3 Ba6 8. Qd4 Nc6 9. Qd2 Nf6 10. Nd4 Nxd4 11. Qxd4 Bxc5 12. Qa4+ Qxa4 13. Nxa4 Bd6 14. Bb2 0-0 15. Bxf6 gxf6 16. e3 Bxf1 17. Rxf1 Rfc8 18. Kd2 Rc4 19. Nb2 Bb4+ 20. Kd1 Rc6 21. Nd3 Ba3 22. Rb1 Rac8 23. Rb3 Bd6 24. Ne1 Ra6 25. a3 Bxa3 26. f4 Bd6 27. Nd3 Ra1+ 28. Nc1 a5 29. Kd2 a4 30. Rb6 Bf8 31. Rd1 Ra3 32. Nd3 Rac3 33. Rb2 a3 34. Ra2 Bg7 35. Rb1 f5 36. Rb3 Rxb3 37. cxb3 Bf8 38. b4 Rb8 39. Rxa3 Bxb4+ 40. Nxb4 Rxb4 1/2-1/2

[Event "Asker Autumn-B"]
[Site "Asker"]
[Date "2012.10.22"]
[Round "6"]
[White "Lovberget, Erik"]
[Black "Larsen, Leif Sigurd"]
[Result "1/2-1/2"]
[WhiteElo "1275"]
[BlackElo "1249"]
[PlyCount "64"]
[EventDate "2012.08.27"]
[EventType "swiss"]
[EventCountry "NOR"]
[SourceTitle "EXT 2024"]
[Source "ChessBase"]
[SourceDate "2023.10.10"]
[SourceVersion "1"]
[SourceVersionDate "2023.10.10"]
[SourceQuality "1"]

1. e4 e5 2. Nf3 Nc6 3. Bb5 a6 4. Ba4 Nf6 5. d3 h6 6. c3 d5 7. Nxe5 Qd6 8. Nxc6 bxc6 9. 0-0 Ng4 10. g3 dxe4 11. dxe4 Ne5 12. Qxd6 Bxd6 13. f4 Nd7 14. Be3 Bb7 15. Nd2 0-0-0 16. Nc4 Bc5 17. Rad1 Rhe8 18. e5 Bxe3+ 19. Nxe3 Nc5 20. Bc2 g6 21. Rxd8+ Rxd8 22. Rd1 a5 23. Rxd8+ Kxd8 24. Kf2 Ba6 25. Ng4 h5 26. Nf6 Bd3 27. Bd1 Bb1 28. Ke3 Bxa2 29. Bf3 Na4 30. b4 axb4 31. cxb4 c5 32. bxc5 Nxc5 1/2-1/2

[Event "Asker Autumn-B"]
[Site "Asker"]
[Date "2012.08.27"]
[Round "1"]
[White "Halvorsen, Terje"]
[Black "Larsen, Leif Sigurd"]
[Result "0-1"]
[WhiteElo "908"]
[BlackElo "1249"]
[PlyCount "114"]
[EventDate "2012.08.27"]
[EventType "swiss"]
[EventCountry "NOR"]
[SourceTitle "EXT 2024"]
[Source "ChessBase"]
[SourceDate "2023.10.10"]
[SourceVersion "1"]
[SourceVersionDate "2023.10.10"]
[SourceQuality "1"]

1. c4 c5 2. Nc3 Nf6 3. Nf3 d6 4. g3 g6 5. Bg2 Bg7 6. e4 0-0 7. 0-0 Nc6 8. d4 Bg4 9. Be3 cxd4 10. Bxd4 Nxd4 11. Qxd4 Nd7 12. Qe3 Qb6 13. Nd5 Qxe3 14. Nxe3 Bxf3 15. Bxf3 Ne5 16. Be2 Rac8 17. Rac1 Nc6 18. b4 Nd4 19. Bg4 f5 20. exf5 gxf5 21. Bd1 e6 22. Ba4 Ne2+ 23. Kg2 Nxc1 24. Rxc1 Rc7 25. f4 Bd4 26. Nf1 Rfc8 27. Bb3 b5 28. c5 d5 29. Nd2 a5 30. Nf3 Bf6 31. bxa5 Ra8 32. Rc2 Rxa5 33. Kh3 b4 34. Re2 Kf7 35. Rd2 Raxc5 36. Nd4 Ke7 37. Ba4 Bxd4 38. Rxd4 Rc4 39. Rd2 Kd6 40. Kh4 e5 41. Bb3 Rd4 42. Rg2 exf4 43. Rf2 fxg3+ 44. Kxg3 Rg4+ 45. Kf3 Rc3+ 46. Ke2 Ke5 47. Kd2 Rd4+ 48. Ke2 f4 49. h4 f3+ 50. Rxf3 Rxf3 51. Kxf3 Rxh4 52. Ke2 h5 53. Kd2 Rh2+ 54. Kc1 Kd4 55. Kb1 h4 56. Kc1 h3 57. Kb1 Rg2 0-1

[Event "Asker CC-ch"]
[Site "Asker"]
[Date "2011.02.28"]
[Round "4"]
[White "Erlendson, Audun"]
[Black "Larsen, Leif Sigurd"]
[Result "0-1"]
[WhiteElo "1223"]
[BlackElo "1221"]
[PlyCount "102"]
[EventDate "2011.01.17"]
[EventType "swiss"]
[EventRounds "9"]
[EventCountry "NOR"]
[SourceTitle "EXT 2024"]
[Source "ChessBase"]
[SourceDate "2023.10.10"]
[SourceVersion "1"]
[SourceVersionDate "2023.10.10"]
[SourceQuality "1"]

1. d4 d5 2. c4 e5 3. dxe5 d4 4. a3 c5 5. e3 Nc6 6. exd4 Qxd4 7. Nf3 Qxd1+ 8. Kxd1 Bg4 9. Bf4 Nd4 10. Nbd2 0-0-0 11. Kc1 h6 12. h3 Bxf3 13. gxf3 g5 14. Bg3 Ne7 15. b4 Nec6 16. b5 Ne7 17. h4 Bg7 18. h5 Nef5 19. Bh3 Kc7 20. Rb1 Ne2+ 21. Kd1 Nexg3 22. fxg3 Nxg3 23. Rg1 Nxh5 24. Re1 Nf4 25. Bf5 Rhe8 26. Rb3 Rxe5 27. Rxe5 Bxe5 28. Kc2 Ne2 29. Re3 Nd4+ 30. Kc1 f6 31. Be4 Bf4 32. Re1 Nb3+ 33. Kc2 Nxd2 34. Bd5 Rxd5 35. cxd5 Nxf3 36. Re7+ Kb6 37. Re6+ Kxb5 38. Rxf6 h5 39. a4+ Kxa4 40. d6 Nd4+ 41. Kd3 Nc6 42. Kc4 Ne5+ 43. Kd5 c4 44. Rxf4 gxf4 45. Kxe5 c3 46. d7 c2 47. d8Q c1Q 48. Qd4+ Kb5 49. Qd3+ Qc4 50. Qd7+ Kb6 51. Qd8+ Qc7+ 0-1

[Event "Asker CC-ch"]
[Site "Asker"]
[Date "2010.04.12"]
[Round "7"]
[White "Larsen, Leif Sigurd"]
[Black "Roholdt, Njaal"]
[Result "1/2-1/2"]
[WhiteElo "1120"]
[BlackElo "1284"]
[PlyCount "49"]
[EventDate "2010.01.18"]
[EventType "swiss"]
[EventRounds "9"]
[EventCountry "NOR"]
[SourceTitle "EXT 2024"]
[Source "ChessBase"]
[SourceDate "2023.10.10"]
[SourceVersion "1"]
[SourceVersionDate "2023.10.10"]
[SourceQuality "1"]

1. d4 f5 2. Nc3 Nf6 3. Bg5 e6 4. e4 fxe4 5. Nxe4 Be7 6. Nxf6+ Bxf6 7. Qh5+ g6 8. Bxf6 Qxf6 9. Qe5 Rf8 10. Nf3 Nc6 11. Qxf6 Rxf6 12. 0-0-0 d5 13. Bb5 Bd7 14. Rhe1 0-0-0 15. Rd2 a6 16. Bxc6 Bxc6 17. Rde2 Re8 18. Ne5 Bb5 19. Rd2 Ref8 20. f3 Bd7 21. Rde2 Bb5 22. Re3 h5 23. b3 Bd7 24. Nd3 Re8 25. g3 1/2-1/2

[Event "Asker CC-ch"]
[Site "Asker"]
[Date "2010.01.18"]
[Round "1"]
[White "Benn, Neil"]
[Black "Larsen, Leif Sigurd"]
[Result "1-0"]
[WhiteElo "1488"]
[BlackElo "1120"]
[PlyCount "27"]
[EventDate "2010.01.18"]
[EventType "swiss"]
[EventRounds "9"]
[EventCountry "NOR"]
[SourceTitle "EXT 2024"]
[Source "ChessBase"]
[SourceDate "2023.10.10"]
[SourceVersion "1"]
[SourceVersionDate "2023.10.10"]
[SourceQuality "1"]

1. d4 d5 2. Nf3 Nf6 3. c4 c6 4. Nc3 Bf5 5. cxd5 cxd5 6. Qb3 b6 7. Ne5 Nbd7 8. e4 Nxe5 9. dxe5 Nxe4 10. Bb5+ Bd7 11. Qxd5 Nxc3 12. Bxd7+ Qxd7 13. Qxa8+ Qd8 14. Qxd8+ 1-0

[Event "NOR-chB"]
[Site "Moss"]
[Date "2006.07.09"]
[Round "2"]
[White "Lafton, Gro"]
[Black "Larsen, Leif Sigurd"]
[Result "1-0"]
[WhiteElo "938"]
[BlackElo "913"]
[PlyCount "95"]
[EventDate "2006.07.08"]
[EventType "swiss"]
[EventRounds "9"]
[EventCountry "NOR"]
[SourceTitle "EXT 2007"]
[Source "ChessBase"]
[SourceDate "2006.11.23"]
[SourceVersion "1"]
[SourceVersionDate "2006.11.23"]
[SourceQuality "1"]

1. Nc3 e5 2. e4 Bc5 3. Nf3 d6 4. d4 Bb4 5. dxe5 Bg4 6. Be2 Nc6 7. exd6 Qxd6 8. Qxd6 cxd6 9. Bf4 Nf6 10. 0-0-0 Bxc3 11. bxc3 Nxe4 12. Rhe1 0-0 13. Kb2 Rad8 14. Nd4 Bxe2 15. Rxe2 Nc5 16. Nxc6 bxc6 17. Rdd2 d5 18. Be3 Rb8+ 19. Kc1 Ne4 20. Rd3 Rb7 21. f3 Nd6 22. Bc5 Rd8 23. Bxd6 f6 24. Re7 Rxe7 25. Bxe7 Re8 26. Bc5 a6 27. Re3 Rc8 28. Re7 h5 29. Ra7 Kh7 30. Bd4 Kg6 31. Rxa6 Kf5 32. Be3 Re8 33. Kd2 Re6 34. Ra5 g5 35. c4 g4 36. cxd5 Rd6 37. c4 Ke5 38. Ra6 cxd5 39. Rxd6 Kxd6 40. cxd5 Kxd5 41. fxg4 hxg4 42. a4 f5 43. h4 gxh3 44. gxh3 Ke4 45. a5 Kd5 46. h4 Kc6 47. h5 Kb5 48. h6 1-0